000 002530000a22000970004500
100 1 _aEsquivel, Julia (1930 - )
245 1 0 _aEl lugar más grande del amor
300 _aVol. 12, Num. 2 (1992), Páginas 17-24
773 0 _tVida y pensamiento
942 _cANA
999 _c53020
_d53020